000 00639nam a2200241 a 4500
001 0001-1122
003 ELIB.Books
008 150430 2010 eng
020 _a9780802844231
035 _a(ELIB.Books)0001-1277
092 _a227.092
_bDun
100 _aDunn, James D. G.
245 _aThe Theology of Paul the Apostle
260 _aGrand Rapids
_bWilliam B. Eerdmans Publishing Company
_c1998
300 _a808
_c23 Cm
500 _aC/o Moe Lwei
650 _aNew Testament
856 _nKBTS: Library
_uKBTS: Elib
942 _2ddc
_cBK
990 _a1
998 _cbat
_e2015-04-30
999 _c11122
_d11122